<?xml version="1.0" encoding="UTF-8"?>
<record
    xmlns:xsi="http://www.w3.org/2001/XMLSchema-instance"
    xsi:schemaLocation="http://www.loc.gov/MARC21/slim http://www.loc.gov/standards/marcxml/schema/MARC21slim.xsd"
    xmlns="http://www.loc.gov/MARC21/slim">

  <leader>02196nam a22004217a 4500</leader>
  <controlfield tag="001">BRCA_9186</controlfield>
  <controlfield tag="003">FranzMayer</controlfield>
  <controlfield tag="005">20220809125341.0</controlfield>
  <controlfield tag="008">190927s2019    fr a     b    001 0 fre d</controlfield>
  <datafield tag="010" ind1=" " ind2=" ">
    <subfield code="a">  2019460339</subfield>
  </datafield>
  <datafield tag="020" ind1=" " ind2=" ">
    <subfield code="a">9782406091769</subfield>
    <subfield code="q">(libro de bolsillo)</subfield>
  </datafield>
  <datafield tag="040" ind1=" " ind2=" ">
    <subfield code="b">spa</subfield>
    <subfield code="c">MFM</subfield>
  </datafield>
  <datafield tag="041" ind1=" " ind2=" ">
    <subfield code="a">fre</subfield>
  </datafield>
  <datafield tag="050" ind1="0" ind2="0">
    <subfield code="a">B4515.H85</subfield>
    <subfield code="b">C68 2019 v.118</subfield>
  </datafield>
  <datafield tag="100" ind1="1" ind2=" ">
    <subfield code="a">Courcelles, Dominique de,</subfield>
    <subfield code="d">1953-</subfield>
    <subfield code="e">autor</subfield>
    <subfield code="9">28411</subfield>
  </datafield>
  <datafield tag="245" ind1="1" ind2="0">
    <subfield code="a">Habiter merveilleusement le monde :</subfield>
    <subfield code="b">Palais, jardins, demeures spirituelles en Espagne (XVe-XVIIe si&#xE8;cle)</subfield>
    <subfield code="c">Dominique de Courcelles </subfield>
  </datafield>
  <datafield tag="264" ind1=" " ind2="1">
    <subfield code="a">Paris :</subfield>
    <subfield code="b">Classiques Garnier,</subfield>
    <subfield code="c">2019.</subfield>
  </datafield>
  <datafield tag="300" ind1=" " ind2=" ">
    <subfield code="a">352 p. :</subfield>
    <subfield code="b">il. ;</subfield>
    <subfield code="c">15 x 22 cm.</subfield>
  </datafield>
  <datafield tag="336" ind1=" " ind2=" ">
    <subfield code="a">text</subfield>
    <subfield code="b">txt</subfield>
    <subfield code="2">rdacontent</subfield>
  </datafield>
  <datafield tag="337" ind1=" " ind2=" ">
    <subfield code="a">unmediated</subfield>
    <subfield code="b">n</subfield>
    <subfield code="2">rdamedia</subfield>
  </datafield>
  <datafield tag="338" ind1=" " ind2=" ">
    <subfield code="a">volume</subfield>
    <subfield code="b">nc</subfield>
    <subfield code="2">rdacarrier</subfield>
  </datafield>
  <datafield tag="490" ind1="1" ind2=" ">
    <subfield code="a">&#xC9;tudes et essais sur la Renaissance,</subfield>
    <subfield code="x">2105-8814 ;</subfield>
    <subfield code="v">118</subfield>
  </datafield>
  <datafield tag="500" ind1=" " ind2=" ">
    <subfield code="a">Ubicaci&#xF3;n: L60-N1</subfield>
  </datafield>
  <datafield tag="500" ind1=" " ind2=" ">
    <subfield code="a">Incluye im&#xE1;genes de la Colecci&#xF3;n Museo Franz Mayer (p. 152-153)</subfield>
  </datafield>
  <datafield tag="504" ind1=" " ind2=" ">
    <subfield code="a">Referencias bibliogr&#xE1;ficas (p. 325-335).</subfield>
  </datafield>
  <datafield tag="504" ind1=" " ind2=" ">
    <subfield code="a">&#xCD;ndice (p. 349-352)</subfield>
  </datafield>
  <datafield tag="520" ind1=" " ind2=" ">
    <subfield code="a">En Espa&#xF1;a desde el siglo XV al XVII, con los grandes viajes y exploraciones de mundos desconocidos, el arte de construir palacios o jardines, de escribir un viaje experimental o una b&#xFA;squeda m&#xED;stica, de pintar paisajes y glorias celestiales, atestigua una renovaci&#xF3;n de la mirada - filos&#xF3;fica, alqu&#xED;mica, teol&#xF3;gica, pol&#xED;tica.  Esta obra se divide en cuatro partes dedicadas a palacios, jardines y moradas espirituales, a las maravillas del universo desde Sevilla a M&#xE9;xico, a la m&#xED;stica de los paisajes y la magia natural, a la representaci&#xF3;n del infinito.</subfield>
  </datafield>
  <datafield tag="650" ind1=" " ind2="0">
    <subfield code="a">Humanismo</subfield>
    <subfield code="z">Espa&#xF1;a</subfield>
    <subfield code="y">Siglos XV-XVII</subfield>
    <subfield code="9">28412</subfield>
  </datafield>
  <datafield tag="650" ind1=" " ind2="0">
    <subfield code="a">Palacios</subfield>
    <subfield code="z">Espa&#xF1;a</subfield>
    <subfield code="y">Siglos XV-XVII</subfield>
    <subfield code="9">28413</subfield>
  </datafield>
  <datafield tag="650" ind1=" " ind2="0">
    <subfield code="a">Jardines</subfield>
    <subfield code="z">Espa&#xF1;a</subfield>
    <subfield code="y">Siglos XV-XVII</subfield>
    <subfield code="9">28414</subfield>
  </datafield>
  <datafield tag="650" ind1=" " ind2="0">
    <subfield code="a">Filosof&#xED;a</subfield>
    <subfield code="x">Est&#xE9;tica</subfield>
    <subfield code="z">Espa&#xF1;a</subfield>
    <subfield code="9">28415</subfield>
  </datafield>
  <datafield tag="830" ind1=" " ind2="0">
    <subfield code="a">&#xC9;tudes et essais sur la Renaissance ;</subfield>
    <subfield code="v">118.</subfield>
    <subfield code="9">28416</subfield>
  </datafield>
  <datafield tag="906" ind1=" " ind2=" ">
    <subfield code="a">7</subfield>
    <subfield code="b">cbc</subfield>
    <subfield code="c">copycat</subfield>
    <subfield code="d">3</subfield>
    <subfield code="e">ncip</subfield>
    <subfield code="f">20</subfield>
    <subfield code="g">y-gencatlg</subfield>
  </datafield>
  <datafield tag="942" ind1=" " ind2=" ">
    <subfield code="2">lcc</subfield>
    <subfield code="c">B</subfield>
  </datafield>
  <datafield tag="999" ind1=" " ind2=" ">
    <subfield code="c">10805</subfield>
    <subfield code="d">10805</subfield>
  </datafield>
  <datafield tag="952" ind1=" " ind2=" ">
    <subfield code="0">0</subfield>
    <subfield code="1">0</subfield>
    <subfield code="2">lcc</subfield>
    <subfield code="4">0</subfield>
    <subfield code="7">0</subfield>
    <subfield code="a">BRCA</subfield>
    <subfield code="b">BRCA</subfield>
    <subfield code="d">2022-07-04</subfield>
    <subfield code="l">0</subfield>
    <subfield code="o">B4515.H85 C68 2019 v.118</subfield>
    <subfield code="p">CONT9959</subfield>
    <subfield code="r">2022-07-04 00:00:00</subfield>
    <subfield code="w">2022-07-04</subfield>
    <subfield code="y">B</subfield>
  </datafield>
</record>
